000 00547nam a22001937a 4500
003 OSt
005 20210426081416.0
008 210215s1913 ||||| |||| 00| 0 eng d
040 _aeng
_beng
_cDLC
041 _aeng
080 _a001
_bO-77
100 _9885
_aOrnstein, Martha
245 _aThe Role of the Scientific Societies in the Seventeenth Century
_c/ by: Columbia University
260 _aNew York
_bColumbia University
_c1913
300 _a323 p.
650 0 _9681
_aScience
653 _aმეცნიერება
942 _2udc
_cBK
999 _c1388
_d1388